| 000 | 00960nam a2200277 a 4500 | ||
|---|---|---|---|
| 001 | 000030168 | ||
| 003 | DO-SdBNP | ||
| 005 | 20220517110556.0 | ||
| 007 | ta | ||
| 008 | 110503s2017 dr 000 spa d | ||
| 020 | _a9789945908886 | ||
| 040 |
_aDO-SdBNP _bspa _cBNPHU |
||
| 082 | 4 | _222 | |
| 100 | 1 |
_aMarte, Roberto, _d1947- _910911 |
|
| 245 | 1 | 3 |
_aEl pasado como historia : _bla nación dominicana y su representación histórica / _cRoberto Marte |
| 260 |
_aSanto Domingo : _bArchivo General de la Nación, _c2017. |
||
| 300 |
_a350 p. ; _c23 cm. |
||
| 490 | 1 |
_aArchivo General de la Nación _v322 |
|
| 500 | _aIncluye datos biográficos del autor en las solapas | ||
| 500 | _aIncluye referencias bibliográficas y notas al pie de las páginas e índice onomástico | ||
| 504 | _aBibliografía : p. 299-315 | ||
| 590 | _aInventariado, 2021/BT | ||
| 830 | 0 |
_aArchivo General de la Nación _n322 _980525 |
|
| 910 | _aBtavárez | ||
| 942 |
_2ddc _cLBS1 |
||
| 999 |
_c29660 _d29660 |
||